<?xml version="1.0" encoding="UTF-8"?>
<collection xmlns="http://www.loc.gov/MARC21/slim">
  <record>
    <leader>00000nam  2200000   4500</leader>
    <controlfield tag="001">INLIS000000000018269</controlfield>
    <controlfield tag="005">20240923020057</controlfield>
    <datafield tag="035" ind1="#" ind2="#">
      <subfield code="a">0010-0924000098</subfield>
    </datafield>
    <controlfield tag="007">ta</controlfield>
    <controlfield tag="008">240923###########################0######</controlfield>
    <datafield tag="245" ind1="#" ind2="#">
      <subfield code="a">Teras Data Kecamatan :</subfield>
      <subfield code="b">Integrasi Data Kecamatan /</subfield>
      <subfield code="c">Agur, S.SOS</subfield>
    </datafield>
    <datafield tag="260" ind1="#" ind2="#">
      <subfield code="a">Makassar :</subfield>
      <subfield code="b">Puslatbang KMP RI LAN Makassar,</subfield>
      <subfield code="c">2024</subfield>
    </datafield>
    <datafield tag="300" ind1="#" ind2="#">
      <subfield code="a">16 ;</subfield>
      <subfield code="c">30</subfield>
    </datafield>
    <datafield tag="700" ind1=" " ind2="#">
      <subfield code="a">H.Suwarno,S.SOS.M.SI (Mentor)</subfield>
    </datafield>
    <datafield tag="700" ind1=" " ind2="#">
      <subfield code="a">Ahmad Sukarno Syahrir, S.IP, M.Adm.SDA (Coach)</subfield>
    </datafield>
    <datafield tag="520" ind1="#" ind2="#">
      <subfield code="a">Kecamatan Lamasi merupakan salah satu perangkat daerah Kabupaten Luwu sebagai pelaksana teknis kewilayahan yang mempunyai wilayah kerja tertenti.Sesuai dengan Peraturan Daerah Kabupaten Luwu Nomor 7 Tahun 2016 tentang Pembentukan dan Susunan Perangkat Daerah, serta mengacu kepada Peraturan Bupet Luwu Nomor 112 Tahun 2016 tentang Susunan Organisasi, Kedudukan, Jabatan dan Tata Kerja Perangkat Derah Kabupaten Luwu. Dalam kedudukan dan fungsinya Pemerintah Kecamatan memiliki posisi yang sangat penting karena keberhasilan tugas Pemerintah Daerah dalam memberikan pelayanan kepada masyarakat serta meningkatkan efektifitas dan efisiensi penyelenggaraan pemerintahan, pemba ngunan, perekonomian, kemasyarakatan,ketentraman dan ketertiban serta mengembangkan potensi wilayah sangat di tunjang oleh keberadaan Pemerintah Kecamatan, untuk itu tantangan yang harus dijawab adalah bagaimana mewujudkan Pemerintah Kecamatan yang berwibawa dan mampu memberikan pelayanan serta memenuhi kebutuhan masyarakat yang semakin berkembang. Kecamatan Lamasi merupakan salah satu Kecamatan yang ada di Kabupaten Luwu dan merupakan Organisasi Perangkat Daerah Kabupaten Luwu dan dipimpin oleh seorang Camat yang bertanggung jawab langsung kepada Bupati melalui Sekretaris Daerah. Pusat pemerintahan berada di Kelurahan Lamasi. WilayahYurisdiksi meliputi 1(satu) kelurahan dan 9 (sembilan) desa yaitu Kelurahan Lamasi, Desa Padang Kalua Desa Wiwitan, Desa Wiwitan Timur, Desa Se'pon, Desa Pongsamelung, Desa To'pongo.Desa Awo'gading, Desa Salujambu, Desa Setiarejo.</subfield>
    </datafield>
    <datafield tag="600" ind1="#" ind2="4">
      <subfield code="a">Integrasi Data Kecamatan</subfield>
    </datafield>
    <datafield tag="856" ind1="#" ind2="#">
      <subfield code="a">PUSLATBANG KMP LAN RI Makassar</subfield>
    </datafield>
  </record>
</collection>
